| 000 | 02212nam a22002057a 4500 | ||
|---|---|---|---|
| 003 | OSt | ||
| 005 | 20231017145404.0 | ||
| 008 | 140718b xxu||||| |||| 00| 0 eng d | ||
| 020 | _a0911910360 | ||
| 040 |
_aWIUC - GH _cWIUC - GH |
||
| 050 | _aRA777.5.M47 | ||
| 100 |
_aBeers, Mark H. _92577 |
||
| 245 |
_aThe merck manual of health and aging. / _cMark H. Beers. |
||
| 260 |
_aNew Jersey: _bMerck Research Laboratory, _c2004. |
||
| 300 |
_axxix,961p.: _bill., index; _c24cm. |
||
| 505 | _aContents: Fundamentals of aging: Age-old questions --- How the body ages -- The aging of America -- Caring for self and others -- Preventive medical care -- Maintaining good nutrition -- Drugs and aging -- Complementary or alternative medicine -- Communicating with health care practitioners -- Continuity of care -- Understanding medical tests -- Hospital care -- Undergoing surgery -- Rehabilitation -- Long-term care -- Caregiving -- Palliative and end-of-life care -- Medical conditions: Nutritional disorders -- Water and electrolyte balance -- Hypothermia and hypothermia -- Dizziness and fainting -- Falls -- Osteoporosis -- Fractures -- Pain -- Confusion -- Delirium -- Dementia -- Stroke -- Nerve disorders -- Movement disorders -- Sleep -- Mental health disorders -- Thyroid disorders -- Diabetes mellitus -- Skin disorders -- Eye disorders -- Hearing and the ear -- Nose and throat disorders -- Mouth and dental disorders -- Foot disorders -- Arthritis -- Temporal arthritis and polymyalgia rhematica -- High blood pressure -- Blood vessel disorders -- Coronary artery disease -- Heart failure -- Abonominal heart rytms -- Heart valve disorders -- Blood disorders -- Finding and living with cancer -- Cancers -- Pheumonia and influenza -- Chronic obstructive pulmonary disease -- Swallowing and reflux disorders -- Bowel movement disorders -- Urinary incontinence -- Female genital and sexual disorders -- Male genital and sexual disorders -- Exercise -- Social, legal and ethical issues: Coping with change -- Driving -- Intimacy -- Mistreatment -- Understanding legal and ethical issues -- Paying for health care | ||
| 700 |
_aJones, Thomas V. _92578 |
||
| 700 |
_aBerkwits, Michael. _92579 |
||
| 942 |
_2lcc _cBK |
||
| 999 |
_c10129 _d17629 |
||